000 00529nam a2200193Ia 4500
005 20250326130924.0
008 250326s9999 xx 000 0 und d
020 _a0-7450-0615-9
037 _aTextbook
040 _aFMSL
_beng
_cFMSL
041 _aeng
_2eng
084 _aX:5 N0
_qFMSL
100 _aKrueger Anne O
245 0 _aPerspectives on trade and development
_cKrueger Anne O
260 _aNY
_bNY, Harvester Wheatsheaf
_c1990
300 _aviii,385
942 _cTB
_hX:5 N0
999 _c1284715
_d1284715